Logo BPK

Biblioteka

Politechniki Koszalińskiej

Varieties of American English : (Rekord nr 41312)

Szczegóły MARC
000 -ETYKIETA REKORDU
podpole kontrolne o stałej długości 00635nam a2200205 i 4500
001 - NUMER KONTROLNY REKORDU
pole kontrolne bgj
020 ## - MIĘDZYNARODOWY ZNORMALIZOWANY NUMER KSIĄŻKI - ISBN
ISBN pbk
040 ## - ŹRÓDŁO KATALOGOWANIA
Instytucja, która utworzyła rekord BPK
041 0# - KOD JĘZYKA
Kod języka tekstu eng
008 - POLE O STAŁEJ DŁUGOŚCI - DANE KONTROLNE
podpole kontrolne o stałej długości s uk f |000 0 eng
100 1# - NAZWA OSOBOWA
Nazwa osobowa PRESTON, Dennis R.
245 10 - TYTUŁ/ODPOWIEDZIALNOŚĆ
Tytuł Varieties of American English :
Ciąg dalszy tytułu teacher's handbook /
Pozostałe elementy strefy tytułu i oznaczenia odpowiedzialności Dennis R. Preston ; Roger W. Shuy.
250 ## - STREFA WYDANIA
Oznaczenie wydania Revised edition.
260 ## - STREFA ADRESU WYDAWNICZEGO
Miejsce wydania Washington, D.C. :
Nazwa wydawcy/dystrybutora United States Information Agency,
Data publikacji, dystrybucji/powstania dokumentu 1988.
300 ## - STREFA OPISU FIZYCZNEGO
Objętość IV, 35 pp :
Inne cechy fizyczne 2 maps ;
Rozmiary 27 cm.
650 #9 - HASŁO PRZEDMIOTOWE W FORMIE NAZWY OGÓLNEJ LUB JEDNOSTKOWEJ
Nazwa ogólna lub geograficzna English language
Określnik ogólny United States
650 #9 - HASŁO PRZEDMIOTOWE W FORMIE NAZWY OGÓLNEJ LUB JEDNOSTKOWEJ
Nazwa ogólna lub geograficzna English language
Określnik ogólny Usage
650 #9 - HASŁO PRZEDMIOTOWE W FORMIE NAZWY OGÓLNEJ LUB JEDNOSTKOWEJ
Nazwa ogólna lub geograficzna English language, Varieties of
942 ## - DODATKOWE ELEMENTY (KOHA)
Typ dokumentu Książka
Egzemplarze
Wycofany Status egzemplarza Uszkodzony Dostępność Lokalizacja stała Lokalizacja bieżąca Miejsce przechowywania Sygnatura Kod kreskowy Dział Typ dokumentu
      Tylko na miejscu Biblioteka Politechniki Koszalińskiej Biblioteka Politechniki Koszalińskiej Czytelnia Wydziałowa ul. Kwiatkowskiego 6e KA 1714 09002784 811.111'282 Język angielski - odmiany Książka
© 2023 Biblioteka Politechniki Koszalińskiej :: KOHA